Data Science Concepts and Techniques with Applications (Record no. 611151)
[ view plain ]
| 000 -LEADER | |
|---|---|
| fixed length control field | 00465nam a22001457a 4500 |
| 020 ## - INTERNATIONAL STANDARD BOOK NUMBER | |
| International Standard Book Number | 9789811561351 |
| 040 ## - CATALOGING SOURCE | |
| Transcribing agency | NUST |
| 082 ## - DEWEY DECIMAL CLASSIFICATION NUMBER | |
| Classification number | 005.7 |
| Author Mark | QAM |
| 100 ## - MAIN ENTRY--PERSONAL NAME | |
| Personal name | QAMAR, USMAN |
| 9 (RLIN) | 125400 |
| 110 ## - MAIN ENTRY--CORPORATE NAME | |
| Corporate name or jurisdiction name as entry element | RAZA, MUHAMMAD SUMMAIR |
| 9 (RLIN) | 125401 |
| 245 ## - TITLE STATEMENT | |
| Title | Data Science Concepts and Techniques with Applications |
| 260 ## - PUBLICATION, DISTRIBUTION, ETC. | |
| Place of publication, distribution, etc. | SINGAPORE: |
| Name of publisher, distributor, etc. | Springer, |
| Date of publication, distribution, etc. | 2020. |
| 650 ## - SUBJECT ADDED ENTRY--TOPICAL TERM | |
| Topical term or geographic name entry element | Introduction.- Applications of Data Science |
| 9 (RLIN) | 125402 |
| 942 ## - ADDED ENTRY ELEMENTS (KOHA) | |
| Source of classification or shelving scheme | |
| Koha item type | Book |
| Withdrawn status | Lost status | Source of classification or shelving scheme | Damaged status | Not for loan | Permanent Location | Current Location | Shelving location | Date acquired | Total Checkouts | Full call number | Barcode | Date last seen | Price effective from | Koha item type |
|---|---|---|---|---|---|---|---|---|---|---|---|---|---|---|
| College of Electrical & Mechanical Engineering (CEME) | College of Electrical & Mechanical Engineering (CEME) | General Stacks | 08/28/2024 | 005.7 QAM | CEME- 50945 | 08/28/2024 | 08/28/2024 | Book |
